| 000 | 00833ccm a2200253 a 4500 | ||
|---|---|---|---|
| 005 | 20240429165023.0 | ||
| 008 | 240429s1989 mx|col||r|||| 00| spa d | ||
| 020 | _a9683611273 | ||
| 035 | _aUPN01000129369 | ||
| 040 |
_aMX-MxUPN _bspa |
||
| 041 | 0 | _aspa | |
| 050 | 4 |
_aM1012 _bG35 1989 |
|
| 100 | 1 |
_aGalindo, Blas, _922958 _d1910-1993 |
|
| 245 | 1 | 0 | _aConcertino para violín y orquesta de cuerdas |
| 246 | 1 | 3 | _aConcertino para violín y orquesta de cuerdas en homenaje a Carlos Chávez |
| 250 | _aPrimera edición | ||
| 260 |
_aMéxico : _bUniversidad Nacional Autónoma de México, _c1989. |
||
| 300 | _a1 partitura (58 páginas) | ||
| 490 | 0 | _aColección de Música Sinfónica Mexicana | |
| 650 | 4 |
_951775 _aConciertos (Violín) |
|
| 902 | _bVíctorGodínez/290424 | ||
| 942 |
_2lcc _cLIBRO |
||
| 999 |
_c101541 _d101541 |
||